[Event "Staufer op 34th"]
[Site "Schwaebisch Gmuend"]
[Date "2024.01.02"]
[Round "2"]
[White "Thomas, Ingo"]
[Black "Dorst, Johannes"]
[Result "1-0"]
[WhiteElo "2085"]
[BlackElo "2242"]
[PlyCount "83"]
[EventDate "2024.01.02"]
[EventType "swiss"]
[EventRounds "9"]
[EventCountry "GER"]
[SourceTitle "CB02_2024"]
[SourceDate "2024.01.10"]
[SourceVersion "1"]
[SourceVersionDate "2024.01.10"]
[SourceQuality "1"]

1. e4 c5 2. Nf3 Nc6 3. Bb5 g6 4. 0-0 Bg7 5. Re1 Nf6 6. c3 0-0 7. e5 Ne8 8. d4 cxd4 9. cxd4 d6 10. Nc3 Bg4 11. Bxc6 bxc6 12. h3 Bf5 13. Bg5 f6 14. exd6 Nxd6 15. Bf4 g5 16. Bh2 Bg6 17. Qe2 Rf7 18. Rad1 Qa5 19. Nd2 Qb4 20. Nde4 Nxe4 21. Nxe4 Re8 22. Nd6 Ref8 23. Nxf7 Rxf7 24. Qd2 Qb5 25. Qc3 Qd5 26. b3 Bf8 27. Qc4 Qa5 28. a4 Bh5 29. Rc1 Qf5 30. Rc3 Qd7 31. Re6 Bg6 32. Rce3 h5 33. Rxc6 g4 34. h4 Bh6 35. Re1 Qf5 36. Rce6 Bd2 37. Rd1 Bb4 38. Ra6 Qc2 39. Qxc2 Bxc2 40. Rc1 Bxb3 41. Rb1 Bc4 42. Rc6 1-0

[Event "Deizisau Autumn op 16th"]
[Site "Deizisau"]
[Date "2022.10.31"]
[Round "5"]
[White "Dorst, Johannes"]
[Black "Krassowizkij, Jaroslaw"]
[Result "0-1"]
[WhiteElo "2231"]
[BlackElo "2439"]
[PlyCount "92"]
[EventDate "2022.10.29"]
[EventType "swiss"]
[EventRounds "7"]
[EventCountry "GER"]
[SourceTitle "EXT 2024"]
[Source "ChessBase"]
[SourceDate "2023.10.10"]
[SourceVersion "1"]
[SourceVersionDate "2023.10.10"]
[SourceQuality "1"]

1. e4 e5 2. Nf3 Nc6 3. Bb5 a6 4. Bxc6 dxc6 5. 0-0 Bg4 6. h3 h5 7. d3 Qf6 8. Be3 Bxf3 9. Qxf3 Qxf3 10. gxf3 Bd6 11. Rd1 Ne7 12. Kf1 f6 13. Ke2 g5 14. Nd2 Ng6 15. c3 0-0-0 16. Nc4 c5 17. a3 Nf8 18. d4 cxd4 19. cxd4 exd4 20. Rxd4 Ne6 21. Nxd6+ Rxd6 22. Rxd6 cxd6 23. h4 Kd7 24. Rg1 gxh4 25. Rh1 Nf8 26. Rxh4 Ke6 27. Rh1 Ng6 28. f4 f5 29. Rg1 Ne7 30. f3 h4 31. Bd4 Rh6 32. Kf2 h3 33. Rh1 d5 34. e5 Nc6 35. Be3 d4 36. Bd2 Kd5 37. b3 h2 38. Ke2 Nd8 39. Kf2 Ne6 40. Kg3 Nc5 41. Bb4 Nxb3 42. Kf2 Nc5 43. Bxc5 Kxc5 44. Kg2 d3 45. e6 Rxe6 46. Rc1+ Kd4 0-1

[Event "Deizisau Autumn op 16th"]
[Site "Deizisau"]
[Date "2022.10.31"]
[Round "6"]
[White "Dorst, Johannes"]
[Black "Noeldner, Julian"]
[Result "1/2-1/2"]
[WhiteElo "2231"]
[BlackElo "2035"]
[PlyCount "45"]
[EventDate "2022.10.29"]
[EventType "swiss"]
[EventRounds "7"]
[EventCountry "GER"]
[SourceTitle "EXT 2024"]
[Source "ChessBase"]
[SourceDate "2023.10.10"]
[SourceVersion "1"]
[SourceVersionDate "2023.10.10"]
[SourceQuality "1"]

1. e4 e5 2. Nf3 Nc6 3. Bc4 Nf6 4. d3 Bc5 5. h3 d6 6. 0-0 a6 7. a4 Ba7 8. c3 h6 9. Re1 0-0 10. a5 Re8 11. Qb3 Qe7 12. Nbd2 Rb8 13. Nf1 Be6 14. Ng3 Bxc4 15. Qxc4 Qe6 16. Qa4 d5 17. exd5 Qxd5 18. Be3 Bxe3 19. Rxe3 Re6 20. Ne4 Nxe4 21. dxe4 Qd7 22. Rd1 Rd6 23. Rxd6 1/2-1/2

[Event "Graz op-A"]
[Site "Graz"]
[Date "2022.09.08"]
[Round "6"]
[White "Dorst, Johannes"]
[Black "Henrichs, Thomas"]
[Result "0-1"]
[WhiteElo "2238"]
[BlackElo "2450"]
[PlyCount "126"]
[EventDate "2022.09.03"]
[EventType "swiss"]
[EventRounds "9"]
[EventCountry "AUT"]
[SourceTitle "EXT 2023"]
[Source "ChessBase"]
[SourceDate "2022.10.05"]
[SourceVersion "1"]
[SourceVersionDate "2022.10.05"]
[SourceQuality "1"]

1. e4 c6 2. d4 d5 3. Nc3 dxe4 4. Nxe4 Bf5 5. Ng3 Bg6 6. Nh3 e6 7. Nf4 Bd6 8. Ngh5 Nf6 9. Nxg7+ Ke7 10. Bc4 Bxf4 11. Bxf4 h5 12. Qe2 Kf8 13. Nxe6+ fxe6 14. 0-0-0 Qe7 15. Rhe1 Nbd7 16. Bxe6 Re8 17. Qf3 Kg7 18. Re3 Qxe6 19. Rxe6 Rxe6 20. b3 Rhe8 21. Kb2 b5 22. a3 a5 23. Bd2 a4 24. h3 axb3 25. Kxb3 Be4 26. Qf4 Nd5 27. Qg5+ Rg6 28. Qxh5 N7f6 29. Qe5 Rxe5 30. dxe5 Nd7 31. f3 Bf5 32. g4 Be6 33. Re1 Kf7 34. Kb2 N7b6 35. f4 Rh6 36. f5 Nc4+ 37. Kc1 Rxh3 38. fxe6+ Kxe6 39. Bb4 Rg3 40. Bc5 Rxg4 41. Rh1 Kxe5 42. Rh6 Rf4 43. c3 Nxc3 44. Rxc6 Kd5 45. Rc8 Ne5 46. Be7 Rc4 47. Rxc4 Kxc4 48. Kc2 Nc6 49. Bf8 Na4 50. Bd6 Nd4+ 51. Kd2 Kb3 52. Kd3 Nc2 53. Kd2 Nxa3 54. Kc1 Nc2 55. Bf8 Nd4 56. Kd2 Ne6 57. Be7 Nec5 58. Kc1 b4 59. Kb1 Kc4 60. Bf6 Nc3+ 61. Ka1 Nd3 62. Be7 b3 63. Ba3 Kb5 0-1

[Event "Oberliga Ost-B 2122"]
[Site "Germany"]
[Date "2022.07.02"]
[Round "6.3"]
[White "Dorst, Johannes"]
[Black "Puschendorf, Steffen"]
[Result "1-0"]
[WhiteElo "2235"]
[BlackElo "2146"]
[PlyCount "131"]
[EventDate "2021.10.10"]
[EventType "team-tourn"]
[EventRounds "11"]
[EventCountry "GER"]
[SourceTitle "EXT 2023"]
[Source "ChessBase"]
[SourceDate "2022.10.05"]
[SourceVersion "1"]
[SourceVersionDate "2022.10.05"]
[SourceQuality "1"]
[WhiteTeam "Marburg"]
[BlackTeam "Gera"]
[WhiteTeamCountry "GER"]
[BlackTeamCountry "GER"]

1. e4 e6 2. d4 d5 3. Nc3 Bb4 4. e5 c5 5. a3 Bxc3+ 6. bxc3 Ne7 7. Qg4 0-0 8. Bd3 f5 9. exf6 Rxf6 10. Bg5 Rf7 11. Qh5 g6 12. Qd1 Qa5 13. Bd2 c4 14. Be2 Nd7 15. Nf3 Nc6 16. Ng5 Re7 17. f4 Nf6 18. Bf3 Bd7 19. 0-0 Nd8 20. Qe1 Ba4 21. Ra2 Nf7 22. f5 Rae8 23. fxg6 hxg6 24. Bd1 Nh7 25. Nxh7 Kxh7 26. Qh4+ Kg8 27. Rf3 e5 28. Rh3 e4 29. Qh7+ Kf8 30. Bf4 Qb6 31. Ra1 Qf6 32. Be3 Bd7 33. Rg3 Bf5 34. Bg4 Bxg4 35. Rxg4 Qg7 36. Qxg6 Qxg6 37. Rxg6 Re6 38. Rxe6 Rxe6 39. Rb1 Ra6 40. Bc1 Nd8 41. Rb5 Rd6 42. Bf4 Rd7 43. Kf2 Kf7 44. Ke3 Ke6 45. Rb1 Rg7 46. Rg1 Nc6 47. g4 Rh7 48. Rg2 b5 49. Bg3 Rg7 50. h3 a5 51. Rf2 b4 52. cxb4 axb4 53. axb4 Ra7 54. Be5 Ra3+ 55. Kf4 Nxb4 56. g5 Rxh3 57. Kg4 Rf3 58. Rh2 Rf1 59. g6 Rg1+ 60. Kh5 Nc6 61. Bf4 Nxd4 62. Be3 Nf3 63. Bxg1 Nxh2 64. Bxh2 Kf6 65. Kh6 d4 66. g7 1-0

[Event "Maastricht Limburg op 14th"]
[Site "Maastricht"]
[Date "2022.06.03"]
[Round "1"]
[White "Sankalp, Gupta"]
[Black "Dorst, Johannes"]
[Result "1/2-1/2"]
[WhiteElo "2505"]
[BlackElo "2246"]
[PlyCount "68"]
[EventDate "2022.06.03"]
[EventType "swiss"]
[EventRounds "7"]
[EventCountry "NED"]
[SourceTitle "CBM 208 Extra"]
[Source "ChessBase"]
[SourceDate "2022.07.31"]
[SourceVersion "1"]
[SourceVersionDate "2022.07.31"]
[SourceQuality "1"]

1. Nf3 Nf6 2. e3 c5 3. c4 g6 4. d4 Bg7 5. Nc3 0-0 6. d5 e6 7. Bd3 exd5 8. cxd5 d6 9. h3 Na6 10. 0-0 Nc7 11. e4 b5 12. Nxb5 Nxb5 13. Bxb5 Nxe4 14. Qa4 Rb8 15. Bc6 Rb4 16. Qxa7 f5 17. a3 Rb3 18. Qa4 Rxf3 19. gxf3 Ng5 20. Kg2 f4 21. Rh1 Nxh3 22. Rxh3 Bxh3+ 23. Kxh3 Qg5 24. Qd1 Bd4 25. Qe1 Rf5 26. Bd7 Re5 27. Qf1 Qh5+ 28. Kg2 Rg5+ 29. Bg4 Rxg4+ 30. fxg4 Qxg4+ 31. Kh1 Qh4+ 32. Kg2 Qg4+ 33. Kh1 Qh4+ 34. Kg2 Qg4+ 1/2-1/2

[Event "Bad Woerishofen op 36th"]
[Site "Bad Woerishofen"]
[Date "2020.03.09"]
[Round "4"]
[White "Hipp, Hermann"]
[Black "Dorst, Johannes"]
[Result "0-1"]
[WhiteElo "1964"]
[BlackElo "2253"]
[PlyCount "84"]
[EventDate "2020.03.06"]
[EventType "swiss"]
[EventRounds "9"]
[EventCountry "GER"]
[SourceTitle "CBM 195 Extra"]
[Source "ChessBase"]
[SourceDate "2020.05.31"]
[SourceVersion "1"]
[SourceVersionDate "2020.05.31"]
[SourceQuality "1"]

1. b3 c5 2. Bb2 Nc6 3. Nf3 Nf6 4. e3 g6 5. Be2 Bg7 6. c4 0-0 7. 0-0 d6 8. d4 cxd4 9. Nxd4 Bd7 10. Nd2 a6 11. N2f3 Qc7 12. Nxc6 bxc6 13. c5 d5 14. Be5 Qa7 15. Qd4 Ne8 16. Bxg7 Nxg7 17. Rac1 f6 18. Qa4 e5 19. Qa5 Ne6 20. Rfd1 Qc7 21. Qc3 a5 22. Rd2 Rfb8 23. Rb2 Bc8 24. h3 Qe7 25. a3 Ba6 26. Bd1 Nc7 27. a4 Rb4 28. Ne1 d4 29. Qd2 dxe3 30. Qxe3 Nd5 31. Qg3 Rd8 32. Rd2 Nf4 33. Rxd8+ Qxd8 34. Qe3 Qd5 35. Bf3 Qxb3 36. Rc3 Qxa4 37. Kh2 Rd4 38. g3 Nd5 39. Bxd5+ Rxd5 40. Nf3 Qd1 41. Ng1 Qd4 42. Qf3 e4 0-1

[Event "Bad Woerishofen op 36th"]
[Site "Bad Woerishofen"]
[Date "2020.03.08"]
[Round "3"]
[White "Dorst, Johannes"]
[Black "Karpatchev, Aleksandr"]
[Result "1/2-1/2"]
[WhiteElo "2253"]
[BlackElo "2412"]
[PlyCount "107"]
[EventDate "2020.03.06"]
[EventType "swiss"]
[EventRounds "9"]
[EventCountry "GER"]
[SourceTitle "CBM 195 Extra"]
[Source "ChessBase"]
[SourceDate "2020.05.31"]
[SourceVersion "1"]
[SourceVersionDate "2020.05.31"]
[SourceQuality "1"]

1. c4 e5 2. g3 c6 3. Nf3 e4 4. Nd4 d5 5. d3 Bc5 6. Nb3 e3 7. fxe3 Bb4+ 8. Bd2 Bxd2+ 9. Qxd2 dxc4 10. dxc4 Qe7 11. Nc3 Nf6 12. Bg2 0-0 13. e4 Nbd7 14. 0-0-0 a5 15. Qd6 Qxd6 16. Rxd6 a4 17. Nd2 Ne5 18. b3 axb3 19. axb3 Be6 20. Nf3 Neg4 21. Ng5 Bc8 22. Bf3 Ne5 23. Bg2 h6 24. Nf3 Neg4 25. Nd2 Be6 26. Bf3 Ne5 27. Ndb1 b5 28. cxb5 cxb5 29. Nd5 Nxd5 30. exd5 Bf5 31. Kb2 Rfc8 32. Rc6 Nxc6 33. dxc6 b4 34. Rc1 Rc7 35. Rc5 g6 36. g4 Bxb1 37. Kxb1 Rb8 38. Kc2 Kf8 39. Kd3 Ke7 40. Kc4 Kd6 41. Rb5 Rxb5 42. Kxb5 Re7 43. Kxb4 Re5 44. Kc4 f5 45. h3 fxg4 46. hxg4 h5 47. gxh5 gxh5 48. Kd3 h4 49. Kd2 Rb5 50. Ke1 Rxb3 51. Kf2 Ke5 52. Kg2 Kf4 53. Kh3 Rc3 54. Kxh4 1/2-1/2

[Event "Oberliga Ost-B 1920"]
[Site "Germany"]
[Date "2020.03.01"]
[Round "9.1"]
[White "Jarmula, Lukasz"]
[Black "Dorst, Johannes"]
[Result "1-0"]
[WhiteElo "2445"]
[BlackElo "2253"]
[PlyCount "85"]
[EventDate "2019.09.29"]
[EventType "team-tourn"]
[EventRounds "11"]
[EventCountry "GER"]
[SourceTitle "EXT 2023"]
[Source "ChessBase"]
[SourceDate "2022.10.05"]
[SourceVersion "1"]
[SourceVersionDate "2022.10.05"]
[SourceQuality "1"]
[WhiteTeam "Griesheim"]
[BlackTeam "Marburg"]
[WhiteTeamCountry "GER"]
[BlackTeamCountry "GER"]

1. d4 Nf6 2. c4 c5 3. d5 b5 4. Nf3 Bb7 5. Qc2 bxc4 6. e4 e6 7. Bxc4 exd5 8. exd5 d6 9. Nc3 Be7 10. 0-0 0-0 11. Bf4 Nbd7 12. Rad1 Nb6 13. b3 Nxc4 14. bxc4 Qd7 15. h3 Rfe8 16. Nd2 h6 17. a4 Bf8 18. Nb3 Ba6 19. Qd3 Rab8 20. Nb5 Bxb5 21. axb5 a6 22. bxa6 Qa4 23. Nxc5 dxc5 24. Bxb8 Rxb8 25. Ra1 Qd7 26. a7 Ra8 27. Qa3 Bd6 28. Qa6 Ne4 29. Qc6 Qxc6 30. dxc6 Kf8 31. Rfb1 Nf6 32. Rb7 Ne8 33. g3 g6 34. Re1 h5 35. Kg2 h4 36. gxh4 Kg7 37. Rd7 Bf4 38. Kf3 Bh2 39. Kg2 Bf4 40. Re4 g5 41. hxg5 Bxg5 42. Re5 Bf4 43. Rf5 1-0

[Event "Oberliga Ost-B 1920"]
[Site "Germany"]
[Date "2020.01.19"]
[Round "7.1"]
[White "Mazurek, Robert"]
[Black "Dorst, Johannes"]
[Result "0-1"]
[WhiteElo "2215"]
[BlackElo "2253"]
[PlyCount "128"]
[EventDate "2019.09.29"]
[EventType "team-tourn"]
[EventRounds "11"]
[EventCountry "GER"]
[SourceTitle "EXT 2021"]
[Source "ChessBase"]
[SourceDate "2020.10.23"]
[SourceVersion "1"]
[SourceVersionDate "2020.10.23"]
[SourceQuality "1"]
[WhiteTeam "Gernsheim"]
[BlackTeam "Marburg"]
[WhiteTeamCountry "GER"]
[BlackTeamCountry "GER"]

1. d4 Nf6 2. c4 g6 3. Nc3 Bg7 4. e4 d6 5. Be2 0-0 6. f4 Na6 7. Nf3 e5 8. dxe5 dxe5 9. Nxe5 Nc5 10. Qc2 Nfxe4 11. Be3 Bf5 12. Qd1 Nxc3 13. Qxd8 Rfxd8 14. Bxc5 Nxe2 15. Kxe2 Bxe5 16. fxe5 Re8 17. Bd4 f6 18. Ke3 fxe5 19. Bc3 Rad8 20. Rad1 e4 21. Rd4 Rxd4 22. Bxd4 a6 23. c5 Be6 24. a3 Bc4 25. Rd1 Bd3 26. Rd2 Kf7 27. Rf2+ Ke7 28. Rf6 Rd8 29. Rf4 Rd5 30. h4 Rd7 31. h5 gxh5 32. Rf5 Ke6 33. Rxh5 Rf7 34. Re5+ Kd7 35. Rh5 Kc6 36. Kd2 Bf1 37. g4 Bc4 38. Be3 Rd7+ 39. Kc3 Bf7 40. Rh6+ Bg6 41. Bd4 Kd5 42. Rh2 Rf7 43. Rf2 Rf3+ 44. Rxf3 exf3 45. Bg1 Ke4 46. Kd2 Kf4 47. g5 Kxg5 48. Ke3 Kg4 49. Kf2 c6 50. Bh2 Bd3 51. Bd6 Be2 52. Ke3 h5 53. Kf2 h4 54. Bb8 Kf5 55. Bc7 Ke4 56. Bd8 h3 57. Bc7 Kd3 58. Bf4 Kc4 59. Bd6 Kb3 60. Be5 a5 61. Kg1 a4 62. Bd4 Kc2 63. Be5 h2+ 64. Bxh2 Kxb2 0-1

[Event "Staufer op 32nd"]
[Site "Schwaebisch Gmuend"]
[Date "2020.01.02"]
[Round "1"]
[White "Sedlak, Nikola"]
[Black "Dorst, Johannes"]
[Result "1-0"]
[WhiteElo "2563"]
[BlackElo "2222"]
[PlyCount "123"]
[EventDate "2020.01.02"]
[EventType "swiss"]
[EventRounds "9"]
[EventCountry "GER"]
[SourceTitle "CBM 194 Extra"]
[Source "ChessBase"]
[SourceDate "2020.03.31"]
[SourceVersion "1"]
[SourceVersionDate "2020.03.31"]
[SourceQuality "1"]

1. d4 Nf6 2. Nf3 c5 3. d5 b5 4. c3 Bb7 5. e4 Nxe4 6. Bxb5 g6 7. 0-0 Bg7 8. Re1 Nd6 9. Bf1 0-0 10. Bg5 f6 11. Bf4 Nf7 12. c4 e5 13. dxe6 dxe6 14. Qxd8 Nxd8 15. Bd6 Rf7 16. Bxc5 Nd7 17. Ba3 Bxf3 18. gxf3 Nc6 19. Rd1 f5 20. Nc3 Nd4 21. Nb5 Nxf3+ 22. Kh1 Nde5 23. Bg2 g5 24. Bd6 g4 25. Rac1 Rc8 26. c5 Nc6 27. Bxf3 gxf3 28. Bf4 Bxb2 29. Rc2 Bg7 30. Nd6 Rd8 31. Rg1 Rfd7 32. Rc3 e5 33. Bg5 Rf8 34. Rxf3 f4 35. Bh6 Kh8 36. Rxg7 Rxg7 37. Bxg7+ Kxg7 38. Kg2 Kf6 39. Rh3 Rg8+ 40. Kf3 Rg1 41. Rxh7 Ke6 42. Nb5 Kd5 43. Nc3+ Kc4 44. Ne2 Rg6 45. h4 Kxc5 46. h5 Rd6 47. h6 Nd4+ 48. Nxd4 exd4 49. Rc7+ Kb4 50. h7 Rh6 51. Ke4 a5 52. Kxd4 a4 53. Ke4 Rh4 54. f3 Ka3 55. Ra7 Kxa2 56. Rxa4+ Kb3 57. Ra7 Kc4 58. Rc7+ Kb5 59. Kf5 Kb6 60. Rg7 Kc6 61. Kg5 Rh3 62. Rg6+ 1-0

[Event "Oberliga Ost-B 1920"]
[Site "Germany"]
[Date "2019.12.08"]
[Round "5.1"]
[White "Dorst, Johannes"]
[Black "Jakob, Matthias"]
[Result "1-0"]
[WhiteElo "2253"]
[BlackElo "2118"]
[PlyCount "105"]
[EventDate "2019.09.29"]
[EventType "team-tourn"]
[EventRounds "11"]
[EventCountry "GER"]
[SourceTitle "EXT 2021"]
[Source "ChessBase"]
[SourceDate "2020.10.23"]
[SourceVersion "1"]
[SourceVersionDate "2020.10.23"]
[SourceQuality "1"]
[WhiteTeam "Marburg"]
[BlackTeam "Erfurt Medizin"]
[WhiteTeamCountry "GER"]
[BlackTeamCountry "GER"]

1. e4 Nc6 2. Nf3 d6 3. d4 Nf6 4. c3 g6 5. Bd3 Bg7 6. 0-0 0-0 7. h3 e5 8. Re1 h6 9. Bb5 Bd7 10. d5 Ne7 11. Bxd7 Nxd7 12. c4 f5 13. Nc3 Nf6 14. Nh2 Qd7 15. Qd3 Rf7 16. f3 f4 17. b4 a5 18. bxa5 Rxa5 19. a4 Rf8 20. Ba3 b6 21. Bb4 Ra7 22. Ra2 g5 23. Rea1 h5 24. a5 bxa5 25. Nb5 Rb7 26. Bxa5 g4 27. hxg4 hxg4 28. fxg4 Nc8 29. Qf3 c6 30. Nc3 Nh7 31. Qh3 cxd5 32. cxd5 Rb3 33. Ra3 Qa7+ 34. Kh1 Ng5 35. Qd3 Rxa3 36. Rxa3 Qc5 37. Ra2 Rf6 38. Bd8 Rg6 39. Bxg5 Rxg5 40. Nd1 Nb6 41. Rc2 Qa5 42. Qc3 Qxc3 43. Rxc3 Bf8 44. Nf2 Rg7 45. Nf3 Rh7+ 46. Kg1 Ra7 47. g5 Ra1+ 48. Kh2 Na4 49. Rc8 Nc5 50. Nh4 Ra2 51. Ng4 Nxe4 52. Nh6+ Kg7 53. Rc7+ 1-0

[Event "Oberliga Ost-B 1920"]
[Site "Germany"]
[Date "2019.12.07"]
[Round "4.1"]
[White "Gerhardt, Frank"]
[Black "Dorst, Johannes"]
[Result "1-0"]
[WhiteElo "2205"]
[BlackElo "2253"]
[PlyCount "71"]
[EventDate "2019.09.29"]
[EventType "team-tourn"]
[EventRounds "11"]
[EventCountry "GER"]
[SourceTitle "EXT 2021"]
[Source "ChessBase"]
[SourceDate "2020.10.23"]
[SourceVersion "1"]
[SourceVersionDate "2020.10.23"]
[SourceQuality "1"]
[WhiteTeam "Liebschwitz"]
[BlackTeam "Marburg"]
[WhiteTeamCountry "GER"]
[BlackTeamCountry "GER"]

1. e4 c5 2. Nf3 Nc6 3. d4 cxd4 4. Nxd4 Nf6 5. Nc3 e5 6. Ndb5 d6 7. Bg5 a6 8. Na3 b5 9. Bxf6 gxf6 10. Nd5 Bg7 11. c3 Ne7 12. Nxe7 Qxe7 13. Bd3 0-0 14. 0-0 f5 15. exf5 e4 16. Re1 Bxf5 17. Qe2 Rfe8 18. Rad1 Qg5 19. Bc2 Bg4 20. Qd2 e3 21. fxe3 Bxd1 22. Bxd1 Rad8 23. Nc2 Re6 24. Bf3 d5 25. Rd1 Bh6 26. Qd3 Red6 27. Qe2 Qe5 28. Rd3 a5 29. a3 Bf8 30. Qd2 Rh6 31. g3 Bc5 32. Kg2 Qf5 33. Nd4 Qh3+ 34. Kg1 Bxd4 35. Rxd4 Rdd6 36. Bg4 1-0

[Event "Vellmar op 11th"]
[Site "Vellmar"]
[Date "2019.07.06"]
[Round "4"]
[White "Pfitzenreuter, Gerald"]
[Black "Dorst, Johannes"]
[Result "0-1"]
[WhiteElo "2049"]
[BlackElo "2234"]
[PlyCount "84"]
[EventDate "2019.07.04"]
[EventType "swiss"]
[EventRounds "7"]
[EventCountry "GER"]
[SourceTitle "CBM 191 Extra"]
[Source "ChessBase"]
[SourceDate "2019.09.30"]
[SourceVersion "1"]
[SourceVersionDate "2019.09.30"]
[SourceQuality "1"]

1. d4 Nf6 2. c4 g6 3. Nc3 Bg7 4. e4 d6 5. f3 0-0 6. Bg5 c5 7. d5 h6 8. Be3 e6 9. Qd2 exd5 10. cxd5 a6 11. a4 h5 12. Bd3 Nbd7 13. Nh3 Ne5 14. Nf2 Bd7 15. 0-0 h4 16. Be2 Qc8 17. h3 b5 18. axb5 axb5 19. Nxb5 Rxa1 20. Rxa1 Qb8 21. Na3 Ba4 22. Nc4 Nxc4 23. Bxc4 Bb5 24. Bxb5 Qxb5 25. Nd1 Rb8 26. Bg5 Nd7 27. Bxh4 Ne5 28. Bf2 Nd3 29. Ra5 Qb6 30. Be3 Nxb2 31. Nxb2 Bxb2 32. Ra2 Qb3 33. Ra6 Be5 34. f4 Qb1+ 35. Kh2 Rb2 36. fxe5 Rxd2 37. Bxd2 dxe5 38. Ra8+ Kg7 39. Bc3 Qxe4 40. Re8 Qf4+ 41. g3 Qf2+ 42. Kh1 Qf3+ 0-1

[Event "Hessen-ch"]
[Site "Frankfurt"]
[Date "2019.06.02"]
[Round "9"]
[White "Dorst, Johannes"]
[Black "Zude, Arno"]
[Result "0-1"]
[WhiteElo "2262"]
[BlackElo "2384"]
[PlyCount "82"]
[EventDate "2019.05.29"]
[EventType "swiss"]
[EventRounds "9"]
[EventCountry "GER"]
[SourceTitle "EXT 2020"]
[Source "ChessBase"]
[SourceDate "2019.10.17"]
[SourceVersion "1"]
[SourceVersionDate "2019.10.17"]
[SourceQuality "1"]

1. c4 e5 2. g3 Nf6 3. Bg2 c6 4. Nf3 e4 5. Nd4 Qb6 6. Nb3 a5 7. d3 a4 8. Be3 c5 9. dxe4 axb3 10. a3 Nc6 11. Nd2 Na5 12. f4 d6 13. Rc1 g6 14. h3 Bg7 15. 0-0 0-0 16. g4 Re8 17. Bf2 h6 18. Bg3 Nh7 19. Rb1 Bd7 20. Rf3 Bc6 21. Rd3 Rad8 22. Kh2 Qa6 23. Qc1 b5 24. f5 Nxc4 25. fxg6 fxg6 26. Rxb3 Nf6 27. e5 Nxe5 28. e4 c4 29. Rc3 d5 30. a4 d4 31. axb5 Bxb5 32. Ra3 Qc6 33. Ra5 Nfd7 34. Bf1 d3 35. Rba1 Ra8 36. Rxa8 Rxa8 37. Rxa8+ Qxa8 38. b3 c3 39. Nc4 Qa2+ 40. Kh1 Bxc4 41. bxc4 Qd2 0-1

[Event "Hessen-ch"]
[Site "Frankfurt"]
[Date "2019.06.01"]
[Round "7"]
[White "Carow, Johannes"]
[Black "Dorst, Johannes"]
[Result "0-1"]
[WhiteElo "2445"]
[BlackElo "2262"]
[PlyCount "70"]
[EventDate "2019.05.29"]
[EventType "swiss"]
[EventRounds "9"]
[EventCountry "GER"]
[SourceTitle "EXT 2020"]
[Source "ChessBase"]
[SourceDate "2019.10.17"]
[SourceVersion "1"]
[SourceVersionDate "2019.10.17"]
[SourceQuality "1"]

1. d4 Nf6 2. c4 g6 3. Nc3 Bg7 4. e4 d6 5. f3 0-0 6. Bg5 c5 7. d5 h6 8. Be3 e6 9. Qd2 exd5 10. cxd5 a6 11. a4 h5 12. Nge2 Nbd7 13. Nd1 Ne5 14. Nec3 Nh7 15. Nf2 f5 16. Be2 Nf6 17. 0-0 Qa5 18. Bh6 Bd7 19. Bxg7 Kxg7 20. exf5 Bxf5 21. Nfd1 Rae8 22. Ne3 Bd7 23. Rfb1 Qb4 24. Nc2 Qh4 25. b4 Nfg4 26. fxg4 Rf2 27. Qe3 Nf3+ 28. Bxf3 Rxe3 29. Nxe3 hxg4 30. Ne4 Rxf3 31. gxf3 gxf3 32. Ng3 cxb4 33. a5 f2+ 34. Kxf2 Qf4+ 35. Kg2 Qxe3 0-1

[Event "Hessen-ch"]
[Site "Frankfurt"]
[Date "2019.05.30"]
[Round "4"]
[White "Dorst, Johannes"]
[Black "Lesny, Florian"]
[Result "1-0"]
[WhiteElo "2262"]
[BlackElo "2126"]
[PlyCount "83"]
[EventDate "2019.05.29"]
[EventType "swiss"]
[EventRounds "9"]
[EventCountry "GER"]
[SourceTitle "EXT 2020"]
[Source "ChessBase"]
[SourceDate "2019.10.17"]
[SourceVersion "1"]
[SourceVersionDate "2019.10.17"]
[SourceQuality "1"]

1. e4 c5 2. Nf3 d6 3. Bb5+ Bd7 4. Bxd7+ Qxd7 5. c4 Nc6 6. Nc3 g6 7. d4 cxd4 8. Nxd4 Bg7 9. Be3 Nf6 10. f3 0-0 11. 0-0 e6 12. Rc1 Rfd8 13. Re1 d5 14. Nxc6 bxc6 15. e5 Ne8 16. Bg5 f6 17. exf6 Nxf6 18. Na4 Qd6 19. b3 Re8 20. Qc2 e5 21. cxd5 cxd5 22. Qc7 Qxc7 23. Rxc7 e4 24. Kf2 exf3 25. gxf3 h6 26. Bd2 Rxe1 27. Kxe1 d4 28. Kd1 Nd5 29. Rd7 Nc3+ 30. Nxc3 dxc3 31. Be3 Rc8 32. Kc2 Rf8 33. Bxa7 Rxf3 34. a4 g5 35. Bd4 Bxd4 36. Rxd4 Kg7 37. a5 h5 38. a6 Kg6 39. a7 Rf8 40. Ra4 Ra8 41. b4 g4 42. b5 1-0

[Event "Karlsruhe Grenke op"]
[Site "Karlsruhe"]
[Date "2019.04.19"]
[Round "2"]
[White "Chigaev, Maksim"]
[Black "Dorst, Johannes"]
[Result "1-0"]
[WhiteElo "2634"]
[BlackElo "2281"]
[PlyCount "81"]
[EventDate "2019.04.18"]
[EventType "swiss"]
[EventRounds "9"]
[EventCountry "GER"]
[SourceTitle "CBM 189 Extra"]
[Source "ChessBase"]
[SourceDate "2019.06.03"]
[SourceVersion "1"]
[SourceVersionDate "2019.06.03"]
[SourceQuality "1"]

1. e4 e5 2. Bc4 Nf6 3. d3 Nc6 4. Nf3 h6 5. a4 d6 6. a5 a6 7. h3 g6 8. Nc3 Bg7 9. 0-0 0-0 10. Be3 Be6 11. Bxe6 fxe6 12. Bd2 Qe7 13. Nh2 Kh7 14. Ne2 Nh5 15. c3 d5 16. Qb3 Qd7 17. Be3 d4 18. cxd4 exd4 19. Bd2 Na7 20. Rac1 Nb5 21. g4 Nf6 22. f4 Rae8 23. Nf3 Ng8 24. Kg2 Ne7 25. Ng3 e5 26. f5 gxf5 27. gxf5 Ng8 28. Nh5 Nf6 29. Nxg7 Qxg7+ 30. Kh2 Qg8 31. Qd1 Qa2 32. Rc2 c6 33. Bc1 Qxa5 34. Rg2 Rg8 35. Rg6 Rxg6 36. fxg6+ Kg7 37. Nh4 Nd6 38. Bxh6+ Kxh6 39. Rxf6 Qd8 40. Qf3 Kg5 41. Rf7 1-0

[Event "Staufer op 31st"]
[Site "Schwaebisch Gmuend"]
[Date "2019.01.02"]
[Round "2"]
[White "Miezis, Normunds"]
[Black "Dorst, Johannes"]
[Result "1-0"]
[WhiteElo "2469"]
[BlackElo "2221"]
[PlyCount "67"]
[EventDate "2019.01.02"]
[EventType "swiss"]
[EventRounds "9"]
[EventCountry "GER"]
[SourceTitle "CBM 188 Extra"]
[Source "ChessBase"]
[SourceDate "2019.02.26"]
[SourceVersion "1"]
[SourceVersionDate "2019.02.26"]
[SourceQuality "1"]

1. c4 e5 2. Nc3 Nf6 3. g3 c6 4. d4 e4 5. Bg2 d5 6. Nh3 Nbd7 7. cxd5 cxd5 8. 0-0 Be7 9. f3 exf3 10. exf3 0-0 11. Nf4 Nb6 12. Qb3 Bd7 13. Re1 Bc6 14. Nd3 Nc4 15. Ne5 Nxe5 16. dxe5 Bc5+ 17. Kh1 Nh5 18. Nd1 Qa5 19. Nc3 d4 20. g4 dxc3 21. gxh5 c2 22. Bg5 h6 23. Bxh6 Ba4 24. Qc4 Qb4 25. Qf4 gxh6 26. Qxh6 Qh4 27. Bh3 f5 28. exf6 Rxf6 29. Be6+ Rxe6 30. Qxe6+ Kh8 31. Qh6+ Kg8 32. Qg6+ Kh8 33. Rg1 Qe7 34. Qh6+ 1-0